000 00790cab a2200265 4500
001 WB3345-21
008 090401t1997 xxu||||| |||| 00| 0 eng d
035 _a(Sirsi) u82218
041 _aeng
245 _aPeninsular war on poison plot
260 _c1997
350 _a0
490 _aTimes
_v19 November 1997, 43(2)
520 _aGreenwich peninsular is seeing a massive clean-up in preparation for construction of the Millennium Exhibition, and later 5,000 homes.
650 _aBROWNFIELD SITES
650 _aCLEAN-UP TECHNIQUES
650 _aCONTAMINATED LAND
650 _aGREENWICH
650 _aLAND POLLUTION
650 _aMILLENNIUM DOME
650 _aMILLENNIUM EXHIBITION
690 _aENVIRONMENTAL AND LAND CONSULTANCY
942 _n0
948 _c19/11/1997
999 _c51870
_d51870